000 01011nam a2200289 i 4500
003 DO-SdBNP
005 20240625112404.0
007 ta
008 240612b2014 cu ||||| |||| 00| 0 spa d
020 _a9789593081610
040 _aDO-SdBNP
_bspa
_cBNPHU
_erda
082 4 _aCu863.44
_bB663s
_222
100 1 _aBobes León, Marilyn,
_d1955-
_922508
_eautor
245 1 4 _aLos signos conjeturales :
_bcuento /
_cMarilyn Bobes ; edición, Amanda Fleites
264 _aLa Habana, Cuba :
_bUnión de Escritores y Artistas de Cuba,
_c©2014.
300 _a148 páginas ;
_c19 cm.
336 _2rdacontent
_atexto
_btxt
337 _2rdamedia
_asin mediación
_bn
338 _2rdacarrier
_avolumen
_bnc
500 _aIncluye datos biográficos de la autora en la contracubierta
590 _aInventariado, 2024/BT
650 4 _aCuentos cubanos
_91482
650 4 _aLiteratura cubana
_91483
700 1 _aFleites, Amanda,
_eedición
_985639
910 _aBtavárez/Validado. Control de calidad MFF
942 _2ddc
_cLBS1
999 _c56818
_d56818